|
|
|
|
| LEADER |
00000nab a2200000 a 4500 |
| 001 |
vtls009189283 |
| 003 |
SK-MaSNL |
| 005 |
20260426104243.0 |
| 008 |
250507c2008 xo zr|p|||||||000 b|slo |
| 015 |
|
|
|a SNBRB2008/03
|2 snkbucl
|
| 035 |
|
|
|a (uuid)47ceac33-b078-4276-946c-978a22251a57
|
| 035 |
|
|
|a urn:nbn:sk:snk-abadct
|
| 035 |
|
|
|a (urnnbn)urn:nbn:sk:snk:ar-008erj
|
| 038 |
|
|
|a SNKBUCL
|
| 040 |
|
|
|a SNKBUCL
|b slo
|c SNKBUCL
|e AACR2
|
| 041 |
0 |
|
|a slo
|
| 044 |
|
|
|a xo
|c SK
|
| 080 |
|
|
|a 69:332.812:341.232.2
|x (437.6)
|2 2001
|
| 080 |
|
|
|a 332.812
|x (437.6)
|2 2001
|
| 080 |
|
|
|a 341.232.2
|x (437.6)
|2 2001
|
| 100 |
1 |
|
|a Lalíková, Darina
|4 ivr
|4 aut
|9 8716
|
| 245 |
1 |
0 |
|a Rozhovor s ministrom Marianom Januškom
|c za rozhovor ďakuje D. Lalíková
|
| 300 |
|
|
|b Fotogr.
|
| 610 |
1 |
7 |
|a Slovensko.
|b Ministerstvo výstavby a regionálneho rozvoja
|2 snkbucl
|9 22288
|
| 648 |
|
7 |
|a 2007
|2 snkbucl
|9 313226
|
| 650 |
0 |
7 |
|a stavebníctvo
|2 snkbucl
|9 726
|
| 650 |
0 |
7 |
|a bytový fond
|2 snkbucl
|9 73748
|
| 650 |
0 |
7 |
|a európske fondy
|2 snkbucl
|9 151860
|
| 651 |
|
7 |
|a Slovensko
|2 snkbucl
|9 14231
|
| 655 |
|
7 |
|a rozhovory
|2 snkbucl
|9 31831
|
| 700 |
1 |
|
|a Janušek, Marian,
|d 1960-
|4 ive
|9 104931
|
| 773 |
0 |
|
|t Eurostav
|g Roč. 14, č. 1-2 (2008), s. 10-11
|x 1335-1249
|
| 850 |
|
|
|a Slovenská národná knižnica
|
| 852 |
|
|
|a Slovenská národná knižnica
|
| 954 |
|
|
|a odborná, vedecká literatúra pôvodná (slovenská)
|2 lita
|
| 958 |
|
|
|a article14
|
| 958 |
|
|
|a OND
|
| 958 |
|
|
|a EUIPO
|
| 999 |
|
|
|c 3310913
|d 3312843
|